L'étranger de Camus - Statistiques

Statistiques générales
  • Ce quiz a été pris 115 fois
  • Le résultat moyen est 11 sur 18
Statistiques - réponses
Question Réponse % Correct
Pour quelle raison a-t-il était conduit en justice Il a été conduit en justice pour un Meurtre
92%
Quel était la profession principale d'Albert Camus Il était Ecrivain
92%
Quel est le personnage principal ? Meursault
92%
Comment est Meursault Sans émotion, froid, non sociable
92%
Que peut-on penser du personnage principal ? Son indifférence et le regard et la réflexion qu'il nous transmet.
92%
Qui est Albert Camus ?
88%
Comment est-il mort ? Il est mort d'accident
79%
Pour quel raison a-t-il été condamné ? Pour son insensibilité
79%
Qu'aurais-je fait à la place de Meursault ? Exprimer plus mes émotions, communiquer, remise en cause
71%
Quel sont les mouvements littéraires associé a "l'Etranger'' l'existentialisme, l'absurde et le surréalisme
50%
Que serait mon avis sur l'œuvre ? Bien aimer car il remet en cause les normes mais du mal à avoir de empathie pour le personnage
46%
Dans quelle lieu a-t-il fait le meurtre de l'Arabe ? Dans un désert
46%
Comment le livre "l'Etranger d'Albert Camus a-t-elle été accueillie par le public ? Elle a été accueilli avec des critiques et des salutations
46%
Quelle est la date de naissance d'Albert Camus ? 7 novembre 1913
42%
Comment s'appelle sa fille ? Catherine Camus
38%
Comment s'appelle son fils ? Jean-Claude Camus
17%
Pourquoi ai-je pris ce passage :"Je me suis rendu compte alors que j'avais détruit l'équilibre du jour et de la nuit sur lequel il reposait dans son cœur. [...] Car tout était vrai, et j'étais perdu et un homme de trop. [...] J'ai compris qu'il pouvait m'arriver quelque chose, un jour ou l'autre, n'importe où. C'était cela, le destin ; et tous les détails que j'avais déjà vécus ne comptaient plus." ? Car Meursault réalise l'impact de ses actions, comment il a perturbé l'équilibre de la vie en tuant un homme et prend conscience de l'irréversibilité de son acte et ressent le poids de l'absurdité de la destinée humaine.
4%
Sur quoi se concentre l'histoire ? L'histoire se concentre sur la vocation de Meursault à devenir prêtre et de son voyage vers l'Italie.
4%
Aucun quiz correspondant
Distribution des résultats
% des personnes avec chaque résultat
Percentile par nombre de réponses
Votre historique - résultats
Vous n’avez pas pris ce quiz